00813nam a2200253Ia 450000500170000000800410001702000150005804100080007308200140008110000290009524500840012425000220020830000340023049000130026465000320027765000380030965000310034770000310037826400270040933600270043633700330046333800280049604000350052420220316235454.0121119s1997 ck a gr 000 0 spa  a95804423450 aspa04a657bH17P1 aHargadon, Bernard Joseph10aPrincipios de contabilidad cBernard J. Hargadon Jr., Armando Munera Cárdenas aPrimera edición a660 páginas bilustraciones0 aGerencia14aBalances financieros 2LEMB14aContabilidad xEnseñanza 2LEMB14aEstados financieros 2LEMB1 aMunera Cárdenas, Armando aBogotá bNormac1997 atextobtxt2rdacontent asin mediaciónbn2rdamedia avolumenbnc2rdacarrier aCO-BoRNBPbspaerdacCO-BoRNBP